000 00688nam a2200217 a 4500
001 73084
003 BD-RjUL
005 20211209082340.0
008 170528s1956 uk 000 0 eng d
035 _a(BD-RjUL)73302
040 _aBD-RjUL
_beng
_cBD-RjUL
_dBD-RjUL
041 _aeng
082 _223
_a620.11248
_bBIV 1956
100 1 _aBishop, R. E. D.
_q(Richard Evelyn Donohue),
_d1925-1989.
_9216187
245 1 0 _aVibration analysis tables /
_cby R.E.D. Bishop and D.C. Johnson
260 _aCambridge :
_bCambridge University Press,
_c1956
300 _a59 p. ;
_c28 cm.
650 0 _aVibration
_9216188
700 1 _aJohnson, D. C.
_q(Daniel Cowan),
_d1915-
_9216189
942 _2ddc
_cBK
999 _c73084
_d73084